Deterioration in Sugarcane Due to Wilt Disease (Record no. 50052)

MARC details
000 -LEADER
fixed length control field 00429nam a22001697a 4500
003 - CONTROL NUMBER IDENTIFIER
control field OSt
008 - FIXED-LENGTH DATA ELEMENTS--GENERAL INFORMATION
fixed length control field 260416b |||||||| |||| 00| 0 eng d
082 ## - DEWEY DECIMAL CLASSIFICATION NUMBER
Classification number 581.2184
Item number S15D
100 ## - MAIN ENTRY--PERSONAL NAME
Personal name Kumar, Sanjeev
245 ## - TITLE STATEMENT
Title Deterioration in Sugarcane Due to Wilt Disease
260 ## - PUBLICATION, DISTRIBUTION, ETC. (IMPRINT)
Place of publication, distribution, etc Pusa, Samastipur
Name of publisher, distributor, etc RAU, Samastipur
Date of publication, distribution, etc 2003
300 ## - PHYSICAL DESCRIPTION
Extent 46P.
502 ## - DISSERTATION NOTE
Degree type Msc.
Year degree granted 2003
650 ## - SUBJECT ADDED ENTRY--TOPICAL TERM
Topical term or geographic name as entry element Plant Pathology
650 ## - SUBJECT ADDED ENTRY--TOPICAL TERM
Topical term or geographic name as entry element Msc.
942 ## - ADDED ENTRY ELEMENTS (KOHA)
Source of classification or shelving scheme
Koha item type Thesis
Holdings
Withdrawn status Lost status Source of classification or shelving scheme Damaged status Not for loan Home library Current library Date acquired Total Checkouts Full call number Barcode Date last seen Bill Date Koha item type
          Dr. Rajendra Prasad Central Agricultural University Pusa, Dr. Rajendra Prasad Central Agricultural University Pusa, 16/04/2026   581.2184 S15D 50218.UL 16/04/2026 16/04/2026 Thesis
Hosted, Implemented, Customized & Maintained by: BestBookBuddies

Powered by Koha